all GTA series - Statistics

General Stats
  • This quiz has been taken 29 times
  • The average score is 13 of 18
Answer Stats
Release date number or name % Correct
1999 2
100%
2001 3
100%
2008 4
100%
2013 5
100%
1997 1
95%
2004 San andreas
95%
2002 Vice city
95%
2013 multiplayer Online
86%
2005 Liberty City Stories
73%
2006 Vice City Stories
73%
2009 The Ballad Of Gay Tony
68%
1999 free expansion London
64%
1999 expansion pack London
64%
2009 China Town Wars
55%
2009 The Lost and Damned
55%
2004 Advance
36%
2021 3 remaster The trilogy
36%
2022 Expanded & Enchanted
9%
No matching quizzes found
Score Distribution
Percent of People with Each Score
Percentile by Number Answered
Your Score History
You have not taken this quiz